Exploración radiográfica del tórax como medio de diagnóstico médico y quirúrgico / (Record no. 60493)

MARC details
000 -LEADER
campo de control de longitud fija 00684nam a2200193 i 4500
001 - NÚMERO DE CONTROL
campo de control 60493
003 - IDENTIFICADOR DE NÚMERO DE CONTROL
campo de control ES-MaACL
005 - FECHA Y HORA DE LA ÚLTIMA TRANSACCIÓN
campo de control 20230906164237.0
007 - CAMPO FIJO DE DESCRIPCIÓN FÍSICA--INFORMACIÓN GENERAL
campo de control de longitud fija t|
008 - DATOS DE LONGITUD FIJA--INFORMACIÓN GENERAL
campo de control de longitud fija 031105s1903 sp ||||1| spa d
100 1# - ENTRADA PRINCIPAL--NOMBRE DE PERSONA
Nombre de persona Espina y Capo, Antonio,
Fechas asociadas al nombre 1850-1930
9 (RLIN) 47840
245 10 - MENCIÓN DEL TÍTULO
Título Exploración radiográfica del tórax como medio de diagnóstico médico y quirúrgico /
Mención de responsabilidad, etc. Antonio Espina y Capo.
260 ## - PUBLICACIÓN, DISTRIBUCIÓN, ETC.
Lugar de publicación, distribución, etc. Madrid :
Nombre del editor, distribuidor, etc. [s.n.],
Fecha de publicación, distribución, etc. 1903 (
Fabricante Impr. y Libr. de Nicolás Moya)
300 ## - DESCRIPCIÓN FÍSICA
Extensión 74 p. :
Otras características físicas il. ;
Dimensiones 28 cm.
594 ## - Nota al título y mención de responsabilidad
Nota al título y mención de responsabilidad Precede al tít.: Tesis del Doctorado.
650 #4 - PUNTO DE ACCESO ADICIONAL DE MATERIA--TÉRMINO DE MATERIA
Término de materia o nombre geográfico como elemento de entrada Tórax-
Subdivisión general Diagnóstico por imagen.
9 (RLIN) 157457
852 ## - LOCALIZACIÓN
Ubicación ES-MaACL
Número de control de estantería T-1053-F-12
Holdings
Estatus retirado Estado de pérdida Estado de daño No para préstamo Colección Biblioteca de origen Biblioteca actual Ubicación en estantería Fecha de adquisición Fuente de adquisición Total de préstamos Signatura topográfica completa Código de barras Visto por última vez Precio de reemplazo Tipo de ítem Koha
        Colección de folletos Biblioteca del Ateneo de Madrid Biblioteca del Ateneo de Madrid Depósito folletos 17/01/2008     T-1053-F-12 1063444 23/02/2023 23/02/2023 Folleto